[Event "FIDE World Uni Rapid-E 1st"]
[Site "Tornelo INT"]
[Date "2021.03.20"]
[Round "1"]
[White "Carvajal Diaz, Alejandro Alfonso"]
[Black "Wheeler, Cameron"]
[Result "0-1"]
[WhiteElo "1363"]
[BlackElo "2398"]
[PlyCount "74"]
[EventDate "2021.03.20"]
[EventType "swiss (rapid)"]
[EventRounds "12"]
[EventCountry "NET"]
[SourceTitle "EXT 2022"]
[Source "ChessBase"]
[SourceDate "2021.10.06"]
[SourceVersion "1"]
[SourceVersionDate "2021.10.06"]
[SourceQuality "1"]

1. f4 e5 2. fxe5 d6 3. Nf3 g5 4. h3 dxe5 5. e4 g4 6. hxg4 Bxg4 7. Bc4 Nc6 8. d3 Bc5 9. c3 Qd7 10. Qe2 0-0-0 11. Bg5 f6 12. Bh4 Rf8 13. Nbd2 Nge7 14. 0-0-0 Ng6 15. Bf2 Nf4 16. Qf1 Bxf2 17. Qxf2 Nxd3+ 18. Bxd3 Qxd3 19. Rhe1 h5 20. Re3 Qa6 21. Kb1 Be6 22. Nb3 Qa4 23. Qc2 Rhg8 24. Red3 f5 25. Re3 fxe4 26. Ne1 h4 27. Ka1 Na5 28. Nc1 Qxc2 29. Nxc2 Rxg2 30. Nb4 Bg4 31. Rde1 Bf3 32. b3 h3 33. Rxe4 Bxe4 34. Rxe4 Rf1 35. Kb1 h2 36. Rh4 h1Q 37. Rxh1 Rxh1 0-1

[Event "FIDE World Uni Blitz-B 1st"]
[Site "Tornelo INT"]
[Date "2021.03.13"]
[Round "7.4"]
[White "Albornoz Cabrera, Carlos Daniel"]
[Black "Wheeler, Cameron"]
[Result "1-0"]
[WhiteElo "2573"]
[BlackElo "2398"]
[PlyCount "115"]
[EventDate "2021.03.13"]
[EventType "swiss (blitz)"]
[EventRounds "10"]
[EventCountry "NET"]
[SourceTitle "EXT 2022"]
[Source "ChessBase"]
[SourceDate "2021.10.06"]
[SourceVersion "1"]
[SourceVersionDate "2021.10.06"]
[SourceQuality "1"]

1. e4 e6 2. d4 d5 3. Nd2 c5 4. exd5 Qxd5 5. Ngf3 cxd4 6. Bc4 Qd7 7. 0-0 Nc6 8. Nb3 Nf6 9. Nbxd4 Nxd4 10. Nxd4 a6 11. Re1 b5 12. Bb3 Bc5 13. Be3 Qc7 14. Qf3 Bb7 15. Qh3 0-0 16. c3 Rfd8 17. Rad1 Rd7 18. Bxe6 Rxd4 19. cxd4 Bb4 20. Rc1 Qd6 21. Bf5 Bxe1 22. Rxe1 Re8 23. Qg3 Qxd4 24. b3 Qd5 25. Bb1 Ne4 26. Qf3 Nc3 27. Qxd5 Nxd5 28. Bd2 Rxe1+ 29. Bxe1 g6 30. f3 f5 31. Kf2 Kf7 32. Bd2 Ke6 33. Bd3 Ke5 34. a4 Kd4 35. Be2 bxa4 36. bxa4 f4 37. g3 g5 38. g4 Ne3 39. Bb4 Bc6 40. Be7 Bxa4 41. Bf6+ Kc5 42. Bxg5 Bb5 43. Bxf4 Nd5 44. Be5 a5 45. Bxb5 Kxb5 46. Ke2 Kc4 47. f4 a4 48. f5 a3 49. f6 a2 50. f7 Nf4+ 51. Bxf4 a1Q 52. f8Q Qb2+ 53. Kf3 Qb3+ 54. Be3 Qd1+ 55. Kg3 Qe1+ 56. Qf2 Qc3 57. Qf3 Qe5+ 58. Qf4+ 1-0

[Event "FIDE World Uni Blitz-B 1st"]
[Site "Tornelo INT"]
[Date "2021.03.13"]
[Round "1.16"]
[White "Parente, Francisco"]
[Black "Wheeler, Cameron"]
[Result "0-1"]
[WhiteElo "1506"]
[BlackElo "2398"]
[PlyCount "52"]
[EventDate "2021.03.13"]
[EventType "swiss (blitz)"]
[EventRounds "10"]
[EventCountry "NET"]
[SourceTitle "EXT 2022"]
[Source "ChessBase"]
[SourceDate "2021.10.06"]
[SourceVersion "1"]
[SourceVersionDate "2021.10.06"]
[SourceQuality "1"]

1. c4 Nf6 2. Nc3 c5 3. Nf3 g6 4. d4 cxd4 5. Nxd4 Nc6 6. e4 Qb6 7. Nb3 Bg7 8. Bd3 0-0 9. 0-0 d6 10. Be3 Qd8 11. f3 Bd7 12. Bc2 Rc8 13. Qd2 Ne5 14. c5 Nc4 15. Qe2 Nxe3 16. Qxe3 dxc5 17. Nxc5 Qb6 18. b4 Qxb4 19. Nxd7 Rxc3 20. Nxf6+ Bxf6 21. Qe2 Qc5+ 22. Kh1 Rxc2 23. Qd3 Bxa1 24. Rxa1 Rc1+ 25. Qf1 Rxf1+ 26. Rxf1 Rd8 0-1

[Event "FIDE World Uni Blitz-B 1st"]
[Site "Tornelo INT"]
[Date "2021.03.13"]
[Round "10.7"]
[White "Wheeler, Cameron"]
[Black "Bellissimo, Joseph F"]
[Result "0-1"]
[WhiteElo "2398"]
[BlackElo "2203"]
[PlyCount "64"]
[EventDate "2021.03.13"]
[EventType "swiss (blitz)"]
[EventRounds "10"]
[EventCountry "NET"]
[SourceTitle "EXT 2022"]
[Source "ChessBase"]
[SourceDate "2021.10.06"]
[SourceVersion "1"]
[SourceVersionDate "2021.10.06"]
[SourceQuality "1"]

1. d4 Nf6 2. c4 e6 3. g3 d5 4. Bg2 Be7 5. Nf3 0-0 6. 0-0 b6 7. Nc3 Bb7 8. Ne5 Nbd7 9. Qa4 Nxe5 10. dxe5 Nd7 11. cxd5 exd5 12. Nxd5 Nc5 13. Qc4 Ba6 14. Qc2 Rc8 15. b4 Ne6 16. Bb2 c6 17. Nxe7+ Qxe7 18. a3 c5 19. bxc5 Nxc5 20. Rfd1 Nd3 21. Qd2 Nxe5 22. Qe3 Rfe8 23. Rac1 Nc4 24. Qxe7 Rxe7 25. e3 h6 26. Bd4 Bb5 27. Bf1 Rec7 28. Rc3 Bd7 29. h3 Be6 30. Kh2 b5 31. Rb1 a6 32. a4 Nd2 0-1

[Event "FIDE World Uni Blitz-B 1st"]
[Site "Tornelo INT"]
[Date "2021.03.13"]
[Round "2.15"]
[White "Wheeler, Cameron"]
[Black "Nolan, Conor"]
[Result "1-0"]
[WhiteElo "2398"]
[BlackElo "1884"]
[PlyCount "135"]
[EventDate "2021.03.13"]
[EventType "swiss (blitz)"]
[EventRounds "10"]
[EventCountry "NET"]
[SourceTitle "EXT 2022"]
[Source "ChessBase"]
[SourceDate "2021.10.06"]
[SourceVersion "1"]
[SourceVersionDate "2021.10.06"]
[SourceQuality "1"]

1. d4 Nf6 2. c4 e6 3. g3 d5 4. Bg2 Be7 5. Nf3 c6 6. 0-0 0-0 7. Nc3 Re8 8. Nd2 Nbd7 9. e4 dxe4 10. Ndxe4 Nxe4 11. Nxe4 Nf6 12. Bf4 Nxe4 13. Bxe4 g6 14. h4 Bf6 15. Be5 Bxe5 16. dxe5 Qb6 17. b3 Rd8 18. Qf3 h5 19. Rad1 Bd7 20. Qf6 Be8 21. Rd6 Rxd6 22. exd6 Qd8 23. Qe5 b6 24. Rd1 Bd7 25. c5 bxc5 26. Qxc5 Qb6 27. Qg5 Qd8 28. Qf4 Rb8 29. Rd4 Kg7 30. Rc4 Qf6 31. Qxf6+ Kxf6 32. Bxc6 Bxc6 33. Rxc6 Rd8 34. Ra6 Rd7 35. Kg2 e5 36. Kf3 Ke6 37. Ke3 f6 38. b4 Rxd6 39. Rxa7 Rd4 40. a3 g5 41. hxg5 fxg5 42. b5 Kd6 43. Rg7 Ra4 44. Rxg5 h4 45. gxh4 Rxh4 46. b6 Kc6 47. Rxe5 Kxb6 48. Re4 Rh3+ 49. f3 Rh2 50. a4 Ka5 51. Kf4 Ra2 52. Kg5 Rg2+ 53. Rg4 Rf2 54. Rf4 Rg2+ 55. Kf5 Rg8 56. Rd4 Rf8+ 57. Ke4 Re8+ 58. Kd3 Rf8 59. f4 Rf5 60. Ke4 Rf7 61. f5 Kb6 62. Ke5 Kc6 63. Ke6 Ra7 64. Rc4+ Kb6 65. f6 Rc7 66. Rxc7 Kxc7 67. f7 Kb7 68. f8Q 1-0

[Event "Pan American Intercollegiate-chT"]
[Site "Chess.com INT"]
[Date "2021.01.04"]
[Round "1"]
[White "McCoy, George Leo"]
[Black "Wheeler, Cameron"]
[Result "0-1"]
[WhiteElo "1588"]
[BlackElo "2398"]
[PlyCount "96"]
[EventDate "2021.01.04"]
[EventType "team-swiss (rapid)"]
[EventRounds "9"]
[EventCountry "USA"]
[SourceTitle "CBM 200 Extra"]
[Source "ChessBase"]
[SourceDate "2021.03.31"]
[SourceVersion "1"]
[SourceVersionDate "2021.03.31"]
[SourceQuality "1"]
[WhiteTeam "Chicago Univ II"]
[BlackTeam "Texas Dallas Univ III"]
[WhiteTeamCountry "USA"]
[BlackTeamCountry "USA"]

1. g3 e5 2. e4 Nc6 3. Bg2 h5 4. h4 Nf6 5. Nc3 Bc5 6. d3 Ng4 7. Nh3 a6 8. Nd5 Ne7 9. Ne3 d6 10. c3 Nxe3 11. Bxe3 Bg4 12. Qb3 Be6 13. Qc2 Bxe3 14. fxe3 f6 15. Nf2 Qd7 16. d4 0-0-0 17. d5 Bg4 18. Nxg4 hxg4 19. 0-0-0 Rh5 20. Bf1 g5 21. Be2 gxh4 22. Rxh4 Rxh4 23. gxh4 Ng8 24. Rg1 Nh6 25. Qd1 Rg8 26. Qf1 Qg7 27. Rg3 Qg6 28. Bd3 Kd7 29. Kd2 Ke7 30. c4 Qh5 31. Qh1 a5 32. a4 b6 33. b3 Nf7 34. Be2 Nd8 35. Qh2 Nb7 36. Kc3 Nc5 37. Qh1 f5 38. exf5 Qxf5 39. Kb2 e4 40. h5 Qe5+ 41. Ka3 Qxg3 42. h6 Qh3 43. h7 Rh8 44. Qg1 Rxh7 45. Bf1 Qf3 46. Bg2 Qg3 47. Qf1 Qxe3 48. Qf5 Qxb3# 0-1